| Tag |
First Indicator |
Second Indicator |
Subfields |
| LEADER |
00000pam a22000004a 4500 |
| 001 |
in00002363765 |
| 005 |
20151109040758.0 |
| 008 |
080103s2008 ne b 011 0 eng |
| 010 |
|
|
|a 2008000094
|
| 020 |
|
|
|a 9789004165731 (hardback : alk. paper)
|
| 020 |
|
|
|a 9004165738 (hardback : alk. paper)
|
| 035 |
|
|
|a (OCoLC)ocn187418610
|
| 035 |
|
|
|a (OCoLC)187418610
|
| 040 |
|
|
|a DLC
|c DLC
|d YDX
|d YDXCP
|d BTCTA
|d BAKER
|d UtOrBLW
|
| 049 |
|
|
|a TXAM
|
| 050 |
0 |
0 |
|a PJ6064.H36
|b C53 2008
|
| 082 |
0 |
0 |
|a 492.7
|2 22
|
| 245 |
0 |
0 |
|a Classical Arabic humanities in their own terms :
|b festschrift for Wolfhart Heinrichs on his 65th birthday /
|c presented by his students and colleagues ; edited by Beatrice Gruendler ; with the assistance of Michael Cooperson.
|
| 264 |
|
1 |
|a Leiden ;
|a Boston :
|b Brill,
|c 2008.
|
| 300 |
|
|
|a xxxvi, 611 pages ;
|c 25 cm.
|
| 336 |
|
|
|a text
|b txt
|2 rdacontent
|
| 337 |
|
|
|a unmediated
|b n
|2 rdamedia
|
| 338 |
|
|
|a volume
|b nc
|2 rdacarrier
|
| 504 |
|
|
|a Includes bibliographical references and index.
|
| 505 |
0 |
|
|a Acknowledgements -- Preface -- Tabula gratulatoria -- At drink your milks! -at as individuation marker in Levantine Arabic / Kristen Brustad -- Yayyar the companion, spy, scoundrel in premodern Arabic popular narratives / Peter Heath -- Balagha rhetorique aristotelicienne (rethorica) et faculte oratoire (oratoria/balagha) selon les didascalia in "rethoricam (sic!)" Aristotelis ex glosa Alpharabii / Maroun Aouad -- Some morphological functions of Arabic bi- : on the uses of galex / Dimitri Gutas -- Hazaj: genese eines neupersischen metrums / Benedikt Reinert -- Iblis and the jinn in al-Futuhat al-Makkiyya / William C. Chittick -- Iqay: musikalische Metrik bei al-Farabi (gest. 950) und ihr Ebenbild bei Thoinot Arbeau (gest. 1595) / Eckhard Neubauer -- Iqtinad: la confrontation est-ouest en mediterranee aux viie/xiie et viiie/xiiie siecles / Thierry Bianquis -- Khiyab: "discourse" in the jurisprudential theory of Ibn Aqil al-Hanbali / A. Kevin Reinhart -- Khutba: the evolution of early Arabic oration / Tahera Qutbuddin -- Libas: die entliehenen Kleider des Abu Nuwas / Ewald Wagner -- Mulamma in Islamic literatures / Nargis Virani -- Qanida: its reconstruction in performance / Beatrice Gruendler -- Qanida ghazaliyya-khamriyya : two lyrical poems by Hazim al-Qaratajanni (d. 684/1285) / Geert Jan van Gelder -- Qia: Arabic cats / John Huehnergard -- Safar: the early history of time travel literature : al-Muwayli's Hadith lsa b. Hisham and its antecedents / Michael Cooperson -- Taybar al-ru'ya and Alkam al-nujum: references to women in dream interpretation and astrology transferred from Graeco-Roman antiquity and medieval Islam to Byzantium : some problems and considerations / Maria Mavroudi -- Taman: the notion of "Implication" according to al-Rummani / Bruce Fudge -- Tahaddi: gifts, debts, and counter-gifts in the ancient Zoroastrian ritual / Prods Oktor Skjarvo -- Tamanni: If wishes were ... : notes on wishing in Islamic texts / Aron Zysow -- Zarafa: encounters with the giraffe, from Paris to the medieval Islamic world / Remke Kruk.
|
| 650 |
|
0 |
|a Arabic philology.
|
| 650 |
|
0 |
|a Civilization, Arab.
|
| 700 |
1 |
|
|a Heinrichs, Wolfhart.
|
| 700 |
1 |
|
|a Cooperson, Michael.
|
| 938 |
|
|
|a YBP Library Services
|b YANK
|n 2755121
|
| 938 |
|
|
|a Baker and Taylor
|b BTCP
|n BK0007600004
|
| 938 |
|
|
|a Baker & Taylor
|b BKTY
|c 224.00
|d 224.00
|i 9004165738
|n 0007600004
|s active
|
| 945 |
|
|
|a PromptCat
|b 359767
|
| 946 |
|
|
|a stk
|
| 947 |
|
|
|a A14836840126
|
| 994 |
|
|
|a 92
|b TXA
|
| 948 |
|
|
|a cataloged
|b h
|c 2008/3/20
|d c
|e asalazar
|f 3:32:51 pm
|
| 999 |
|
|
|a MARS
|
| 999 |
f |
f |
|s e906bd7d-aaa4-35d1-b706-33ff79c17fd4
|i 5ebc9fce-a552-32d1-9296-bc6ccbb77a9e
|t 0
|
| 952 |
f |
f |
|p normal
|a Texas A&M University
|b College Station
|c Sterling C. Evans Library
|d Evans: Library Stacks
|t 0
|e PJ6064.H36 C53 2008
|h Library of Congress classification
|i unmediated -- volume
|m A14836840126
|
| 998 |
f |
f |
|a PJ6064.H36 C53 2008
|t 0
|l Evans: Library Stacks
|